| 000 | 005340000a22002290004500 | ||
|---|---|---|---|
| 005 | 20120302055057.0 | ||
| 942 | _cBOOK | ||
| 245 | _a Bhaktigangechya Vaatewar:Bhagawat Dharmiya Sat Kavayitrinchi Vechak Abhangawaani | ||
| 260 | _aPune:Sanjay,1988. | ||
| 300 | _a204p. | ||
| 040 | _aMAR | ||
| 365 | _b40/- | ||
| 650 | _aSaahitya | ||
| 650 | _aKaavya | ||
| 650 | _aAbhanga | ||
| 650 | _aMukatabai | ||
| 650 | _aJanaabai | ||
| 650 | _aLimbaaie | ||
| 650 | _aBahinaabai | ||
| 650 | _aSoyaraabai | ||
| 650 | _aBhagu-Abhanga | ||
| 999 |
_c347414 _d347411 |
||